000 00578nam a2200205Ia 4500
005 20250508164607.0
008 008 250505s9999 xx 000 0 hin d
037 _aTextBook
040 _aFEDL
_beng
_cFEDL
041 _ahin
_2hin
084 _a300.7, MAD/R
_qFEDL
245 0 _aSamajik adhayan : Kaksha 6
245 0 _cMADHYA PRADESH PATHYAPUSTAK NIGAM
260 _aBhopal, India
_bMadhya Pradesh Pathya Pustak Nigam
_c1987
300 _a197p.
365 _aINR
_b30
546 _aMACESE books
942 _cTB
_h300.7, MAD/R
999 _c1390021
_d1390021